Statistics for Countries in FIBA World Cup 1986

Click here to take the quiz!

General Stats

  • This quiz has been taken 4 times
  • The average score is 22 of 25

Answer Stats

RankCounty% Correct
12th PlaceArgentina
100%
13th PlaceAustralia
100%
4th PlaceBrazil
100%
8th PlaceCanada
100%
9th PlaceChina
100%
11th PlaceCuba
100%
13th PlaceFrance
100%
6th PlaceItaly
100%
13th PlaceNew Zealand
100%
WithdrewPhilippines
100%
13th PlacePuerto Rico
100%
Runners-Up (2nd PlaceSoviet Union
100%
Host (5th Place)Spain
100%
Champions (1st Place)United States
100%
13th PlaceUruguay
100%
13th PlaceWest Germany
100%
3rd PlaceYugoslavia
100%
13th PlaceAngola
75%
10th PlaceGreece
75%
7th PlaceIsrael
75%
13th PlaceIvory Coast
50%
13th PlaceMalaysia
50%
13th PlaceNetherlands
50%
13th PlacePanama
50%
13th PlaceSouth Korea
50%

Score Distribution

Percentile by Number Answered

Percent of People with Each Score

Your Score History

You have not taken this quiz